Perspectivas de la Guerra de las Galaxias /
Guardado en:
| Autor principal: | |
|---|---|
| Autor Corporativo: | |
| Formato: | Libro |
| Lenguaje: | Spanish |
| Publicado: |
Azcapotzalco, distrito Federal, México
Universidad Autónoma Metropolitana
1986
|
| Materias: | |
| Etiquetas: |
Agregar Etiqueta
Sin Etiquetas, Sea el primero en etiquetar este registro!
|
MARC
| LEADER | 00000nam a2200000 4500 | ||
|---|---|---|---|
| 003 | cru CIDCACS/IIS | ||
| 005 | 20190121090504.0 | ||
| 008 | 190121b ||||| |||| 00| 0 spa d | ||
| 999 | |c 42077 |d 42077 | ||
| 040 | |c cru CIDCACS/IIS | ||
| 090 | |a REV0001 7(17) 1986 | ||
| 100 | |9 8238 |a Bunge, Carlos F. | ||
| 110 | 2 | |9 4472 |a Universidad Nacional Autónoma de México, UNAM | |
| 245 | |a Perspectivas de la Guerra de las Galaxias / |c Carlos F. Bunge | ||
| 260 | |a Azcapotzalco, distrito Federal, México |b Universidad Autónoma Metropolitana |c 1986 | ||
| 300 | |a Páginas 11-29 | ||
| 650 | 4 | |2 OCDE |9 2646 |a RELACIONES INTERNACIONALES | |
| 650 | 0 | |2 OCDE |9 382 |a POLITICA INTERNACIONAL | |
| 650 | 4 | |2 OCDE |9 1848 |a DIPLOMACIA | |
| 650 | 0 | |2 OCDE |9 2347 |a DISPOSITIVOS DE SEGURIDAD | |
| 650 | 0 | |2 OCDE |9 5212 |a SEGURIDAD NACIONAL | |
| 650 | 0 | |2 OCDE |9 370 |a POLITICA EXTERIOR | |
| 650 | 0 | |2 OCDE |9 8239 |a ARMAMENTISMO | |
| 651 | 0 | |9 245 |a ESTADOS UNIDOS | |
| 653 | |a GUERRA DE LAS GALAXIAS | ||
| 773 | 0 | |0 18805 |9 2594 |d Azcapotzalco UAM |o 02235 |t AZCAPOTZALCO | |
| 942 | |2 ddc |c PP | ||
